[Event "V Open Natale Vomero"]
[Site "Napoli ITA"]
[Date "2009.11.12"]
[Round "2"]
[White "Improta, Giovanni"]
[Black "De Rosa, Francesco"]
[Result "0-1"]
[WhiteElo "1868"]
[BlackElo "1973"]
[PlyCount "82"]
[EventDate "2009.11.05"]

1. e4 c5 2. f4 d6 3. Nf3 Nc6 4. d4 cxd4 5. Nxd4 Nf6 6. Nxc6 bxc6 7. Nc3 Qb6 8.
Be2 Bb7 9. b3 g6 10. Na4 Qb4+ 11. Bd2 Qxe4 12. O-O Bg7 13. Rc1 O-O 14. Bf3 Qf5
15. g4 Qd7 16. c4 Qc7 17. g5 Nd7 18. Bc3 Bxc3 19. Nxc3 Nc5 20. Bg2 Qb6 21. Kh1
Bc8 22. Qe2 Re8 23. Rcd1 Bf5 24. Be4 Nxe4 25. Nxe4 a5 26. Ng3 Bh3 27. Rf2 Bg4
28. Qxg4 Qxf2 29. f5 Qb2 30. Rf1 d5 31. h4 Qg7 32. h5 e5 33. hxg6 fxg6 34. f6
Qf7 35. cxd5 cxd5 36. Rc1 Qe6 37. Qh4 Rec8 38. Rf1 Ra7 39. Qh6 Rc3 40. Qh2 Rac7
41. Qf2 Qh3+ 0-1

[Event "V Open Natale Vomero"]
[Site "Napoli ITA"]
[Date "2009.11.12"]
[Round "2"]
[White "Messina, Enrico"]
[Black "Tomarchio, Lucio"]
[Result "1-0"]
[WhiteElo "2119"]
[BlackElo "1428"]
[PlyCount "41"]
[EventDate "2009.11.05"]

1. e4 c5 2. Nf3 e6 3. b4 a6 4. bxc5 Bxc5 5. d4 Ba7 6. Bd3 Qc7 7. O-O d6 8. Bb2
Ne7 9. Nbd2 b5 10. c4 b4 11. Qa4+ Bd7 12. Qxb4 Nbc6 13. Qc3 Nd8 14. Rac1 O-O
15. e5 Nb7 16. d5 f6 17. exf6 Rxf6 18. dxe6 Bxe6 19. Ne4 Rf7 20. Nfg5 Rff8 21.
Qxg7# 1-0

[Event "V Open Natale Vomero"]
[Site "Napoli ITA"]
[Date "2009.11.12"]
[Round "2"]
[White "Pinto, Gaetano"]
[Black "Di Meo, Antonio"]
[Result "1/2-1/2"]
[WhiteElo "2049"]
[BlackElo "1700"]
[PlyCount "71"]
[EventDate "2009.11.05"]

1. e4 c6 2. d3 d5 3. Nd2 g6 4. Ngf3 Bg7 5. g3 Bg4 6. h3 Bd7 7. Bg2 Qc8 8. c3
Na6 9. Qe2 Nc7 10. Nb3 Nf6 11. Nc5 O-O 12. Nxd7 Nxd7 13. O-O e5 14. Be3 f5 15.
exf5 gxf5 16. Qd2 Qe8 17. Bh6 Qg6 18. Bxg7 Qxg7 19. Qg5 Ne6 20. Qxg7+ Kxg7 21.
h4 e4 22. Nd4 Ndc5 23. Nxe6+ Nxe6 24. Rfd1 Nc5 25. Bf1 Rad8 26. b4 Na4 27. Rac1
Rfe8 28. d4 e3 29. Re1 exf2+ 30. Kxf2 Kf6 31. Re3 Rxe3 32. Kxe3 Re8+ 33. Kd2
Rg8 34. Bd3 Rxg3 35. Rf1 Rg2+ 36. Ke3 1/2-1/2

[Event "V Open Natale Vomero"]
[Site "Napoli ITA"]
[Date "2009.11.12"]
[Round "2"]
[White "Schiappoli, Dario"]
[Black "Lombardo, Claudio"]
[Result "0-1"]
[WhiteElo "1980"]
[BlackElo "1712"]
[PlyCount "60"]
[EventDate "2009.11.05"]

1. e4 c5 2. Nf3 e6 3. d4 cxd4 4. Nxd4 Nf6 5. Bd3 d6 6. Nc3 a6 7. g4 Be7 8. g5
Nfd7 9. f4 b5 10. Be3 b4 11. Nce2 Nc5 12. Ng3 e5 13. Ndf5 O-O 14. Nxe7+ Qxe7
15. f5 f6 16. Bc4+ Kh8 17. Qh5 fxg5 18. Bxg5 Qe8 19. Qh4 Nc6 20. Nh5 Nd4 21.
O-O Nxe4 22. Bd5 Nxf5 23. Nxg7 Kxg7 24. Rxf5 Bxf5 25. Bh6+ Kh8 26. Bxf8 Qxf8
27. Rf1 Qg7+ 28. Kh1 Rf8 29. Rg1 Qf6 30. Qe1 Nf2+ 0-1

[Event "V Open Natale Vomero"]
[Site "Napoli ITA"]
[Date "2009.11.12"]
[Round "2"]
[White "Seletsky, Grigory"]
[Black "Esposito, Rosario"]
[Result "1-0"]
[WhiteElo "2345"]
[BlackElo "1858"]
[PlyCount "125"]
[EventDate "2009.11.05"]

1. e4 c5 2. Nf3 e6 3. d4 cxd4 4. Nxd4 Nc6 5. Nc3 a6 6. Be3 Qc7 7. Qd2 Nf6 8. f3
Bb4 9. a3 Be7 10. Bd3 b5 11. O-O Bb7 12. Kh1 O-O 13. f4 Na5 14. e5 Nd5 15. Nxd5
Bxd5 16. Qe2 f5 17. b3 Nb7 18. b4 Rac8 19. Bd2 Bc4 20. a4 Bxd3 21. Qxd3 Qc4 22.
axb5 axb5 23. Nxb5 Qxd3 24. cxd3 Rc2 25. Rfd1 Rfc8 26. Nd4 Rb2 27. Rab1 Rxb1
28. Rxb1 Kf7 29. Ra1 Rb8 30. g3 Nd8 31. Ra4 Nc6 32. Nxc6 dxc6 33. d4 Rc8 34.
Kg2 Ke8 35. Kf3 Kd7 36. Ke2 Rc7 37. Kd3 Rc8 38. Kc4 Rc7 39. Ra2 Rc8 40. b5
cxb5+ 41. Kxb5 Rb8+ 42. Kc4 Rc8+ 43. Kd3 Ke8 44. Ra5 Rd8 45. Rb5 Kf7 46. Bb4
Rd7 47. Bxe7 Kxe7 48. Kc4 Rc7+ 49. Rc5 Ra7 50. d5 exd5+ 51. Kxd5 Rd7+ 52. Kc4
Rd2 53. Rc7+ Kf8 54. Ra7 Rxh2 55. Kd5 Rh6 56. e6 Rh2 57. Rf7+ Kg8 58. Rxf5 Rd2+
59. Ke5 Re2+ 60. Kd6 Rd2+ 61. Ke7 h6 62. Rf8+ Kh7 63. Kf7 1-0

[Event "V Open Natale Vomero"]
[Site "Napoli ITA"]
[Date "2009.11.12"]
[Round "2"]
[White "Vannini, Aldo"]
[Black "Gallina, Giacomo"]
[Result "1-0"]
[WhiteElo "1828"]
[BlackElo "1810"]
[PlyCount "111"]
[EventDate "2009.11.05"]

1. d4 d5 2. Nf3 Nf6 3. e3 Bg4 4. c4 e6 5. a3 Bd6 6. Nc3 O-O 7. Be2 Nbd7 8. Qb3
dxc4 9. Qxb7 Nb6 10. e4 Be7 11. Be3 Nfd7 12. O-O c5 13. Rfd1 Qc8 14. Qxc8 Rfxc8
15. h3 cxd4 16. Nxd4 Bxe2 17. Ndxe2 Nc5 18. Rac1 Nba4 19. Nxa4 Nxa4 20. Rc2
Rcb8 21. Bd4 Rd8 22. Rdc1 Bg5 23. f4 Bxf4 24. Nxf4 Rxd4 25. Rxc4 Rxc4 26. Rxc4
Nxb2 27. Rb4 e5 28. Rxb2 exf4 29. Kf2 g5 30. Kf3 Kg7 31. h4 h6 32. hxg5 hxg5
33. Kg4 Kg6 34. Rb5 Re8 35. Rxg5+ Kh6 36. Rf5 Rg8+ 37. Kxf4 Rxg2 38. Ra5 Rf2+
39. Ke3 Rf6 40. Rxa7 Kg6 41. a4 Re6 42. Ra5 f6 43. Kd4 Rd6+ 44. Rd5 Re6 45. a5
Ra6 46. Kc4 Re6 47. Rd4 Kf7 48. Kb5 Re5+ 49. Kb6 Re6+ 50. Kc7 Ra6 51. Ra4 Ke6
52. Kb7 Rd6 53. a6 Ke7 54. Kc7 Rd7+ 55. Kc6 Ra7 56. Kb6 1-0

[Event "V Open Natale Vomero"]
[Site "Napoli ITA"]
[Date "2009.11.19"]
[Round "3"]
[White "Caiazzo, Diego"]
[Black "Zinnai, Graziano Matteo"]
[Result "1-0"]
[WhiteElo "1874"]
[BlackElo "1620"]
[PlyCount "133"]
[EventDate "2009.11.05"]

1. d4 f5 2. g3 g6 3. Bg2 Bg7 4. Nf3 Nf6 5. O-O O-O 6. Nbd2 d6 7. c3 Qe8 8. Qb3+
Kh8 9. Ng5 c6 10. Ne6 Bxe6 11. Qxe6 Qd7 12. Qxd7 Nbxd7 13. Nc4 d5 14. Na5 Rfe8
15. Nxb7 a5 16. Nc5 Nxc5 17. dxc5 Ne4 18. Bxe4 fxe4 19. Rb1 Rab8 20. Bd2 e5 21.
e3 Rb5 22. b4 Reb8 23. a3 Bf8 24. Rbc1 axb4 25. axb4 R5b7 26. Ra1 Rc8 27. Ra6
Rcc7 28. Rfa1 Bh6 29. Be1 Kg7 30. Rb6 Kf6 31. Raa6 Rxb6 32. Rxb6 Kf5 33. Ra6
Kg4 34. Kg2 Bg5 35. h3+ Kh5 36. g4+ Kh6 37. Kg3 Kg7 38. h4 Be7 39. Bd2 h6 40.
Bc1 g5 41. h5 Bf6 42. Bb2 Kf7 43. Kg2 Ke7 44. Kf1 Kf7 45. Ke2 Ke7 46. Kd2 Bg7
47. Ra2 Kd7 48. Ra8 Ke6 49. Rd8 Kf7 50. c4 dxc4 51. Kc3 Ke7 52. Rd2 Rd7 53.
Rxd7+ Kxd7 54. Kxc4 Bf6 55. b5 Kc7 56. Bc3 Bg7 57. Ba5+ Kb7 58. Bd8 Bh8 59. Be7
Bg7 60. Bd6 cxb5+ 61. Kxb5 Kc8 62. Kc6 Kd8 63. Kb7 Kd7 64. Bb8 Bf8 65. c6+ Ke6
66. c7 Kd5 67. c8=Q 1-0

[Event "V Open Natale Vomero"]
[Site "Napoli ITA"]
[Date "2009.11.19"]
[Round "3"]
[White "De Rosa, Francesco"]
[Black "Messina, Enrico"]
[Result "1-0"]
[WhiteElo "1973"]
[BlackElo "2119"]
[PlyCount "113"]
[EventDate "2009.11.05"]

1. e4 c5 2. Nf3 d6 3. d4 cxd4 4. Nxd4 Nf6 5. Nc3 g6 6. Be3 Bg7 7. f3 O-O 8. Bc4
Nc6 9. Qd2 Nd7 10. h4 Nb6 11. Bb3 Na5 12. Qd3 Nxb3 13. axb3 d5 14. Nde2 Be6 15.
O-O-O dxe4 16. Nxe4 Qxd3 17. Rxd3 Nd5 18. Bd2 a5 19. Ng5 Nb4 20. Re3 Rfc8 21.
Bc3 Bf5 22. Rxe7 Na2+ 23. Kb1 Nxc3+ 24. bxc3 a4 25. g4 Re8 26. Rxe8+ Rxe8 27.
gxf5 Rxe2 28. f6 Bxf6 29. Ne4 Be5 30. bxa4 b6 31. Rd1 Rh2 32. Rd8+ Kg7 33. Rd5
Bf4 34. c4 Rxh4 35. c5 bxc5 36. a5 Rh5 37. c4 Rxd5 38. cxd5 c4 39. a6 Be3 40.
d6 Kf8 41. Nf6 h5 42. d7 Ke7 43. Nd5+ Kxd7 44. Nxe3 Kc6 45. Kc2 h4 46. Ng4 f5
47. Nf2 Kb6 48. Kc3 g5 49. a7 Kxa7 50. Kxc4 h3 51. Kd5 g4 52. f4 h2 53. Nh1 Kb6
54. Ke5 Kc5 55. Kxf5 Kd4 56. Kxg4 Ke4 57. f5 1-0

[Event "V Open Natale Vomero"]
[Site "Napoli ITA"]
[Date "2009.11.19"]
[Round "3"]
[White "De Rosa, Mariagrazia"]
[Black "Solombrino, Giovanni"]
[Result "1/2-1/2"]
[WhiteElo "2082"]
[BlackElo "1915"]
[PlyCount "74"]
[EventDate "2009.11.05"]

1. e4 c5 2. Nf3 Nc6 3. d4 cxd4 4. Nxd4 g6 5. Nc3 Bg7 6. Be3 Nf6 7. Bc4 O-O 8.
f3 Qb6 9. Bb3 Nxe4 10. fxe4 Bxd4 11. Nd5 Qa5+ 12. Bd2 Qd8 13. c3 Bg7 14. Qe2 e6
15. Ne3 Qh4+ 16. g3 Qxe4 17. O-O-O d5 18. Bc2 Qe5 19. Qf2 f5 20. Ng2 Qc7 21.
Kb1 Bd7 22. h4 Ne5 23. h5 Ng4 24. Qf3 Bc6 25. hxg6 hxg6 26. Bb3 Kf7 27. Bf4 Qb6
28. Rdf1 d4 29. Qe2 Be4+ 30. Qxe4 fxe4 31. Bc7+ Ke7 32. Bxb6 Rxf1+ 33. Rxf1
axb6 34. cxd4 Bxd4 35. Nf4 e5 36. Nxg6+ Kd6 37. a3 Rd8 1/2-1/2

[Event "V Open Natale Vomero"]
[Site "Napoli ITA"]
[Date "2009.11.19"]
[Round "3"]
[White "Di Gennaro, Antonio"]
[Black "Accardo, Francesco"]
[Result "0-1"]
[WhiteElo "1700"]
[BlackElo "1869"]
[PlyCount "48"]
[EventDate "2009.11.05"]

1. e4 c5 2. Nf3 a6 3. c4 e6 4. Nc3 d6 5. d4 Nd7 6. Bd3 h6 7. O-O g5 8. h3 Be7
9. Be3 h5 10. Nh2 cxd4 11. Bxd4 Ngf6 12. f4 gxf4 13. Bxf6 Bxf6 14. Rxf4 Be5 15.
Rf3 Qb6+ 16. Kh1 Qxb2 17. Be2 Bxc3 18. Rb1 Qd2 19. Qf1 Be5 20. Rxf7 Bxh2 21.
Rd1 Qg5 22. Kxh2 Rg8 23. Rf2 b6 24. Rxd6 Qe5+ 0-1

[Event "V Open Natale Vomero"]
[Site "Napoli ITA"]
[Date "2009.11.19"]
[Round "3"]
[White "Di Meo, Antonio"]
[Black "De Meo, Guido"]
[Result "1-0"]
[WhiteElo "1700"]
[BlackElo "1911"]
[PlyCount "83"]
[EventDate "2009.11.05"]

1. g3 Nf6 2. Bg2 g6 3. d3 Bg7 4. Nf3 d6 5. c3 O-O 6. O-O c5 7. Qc2 Nc6 8. Nbd2
Rb8 9. a4 Bd7 10. b3 a6 11. e4 b5 12. axb5 axb5 13. Bb2 Qb6 14. Ra2 Rfc8 15.
Rfa1 Qd8 16. Qd1 Bg4 17. Qe1 Be6 18. Ng5 Bd7 19. f4 e5 20. h3 Nh5 21. Qf2 exf4
22. gxf4 h6 23. Nxf7 Kxf7 24. f5 g5 25. d4 cxd4 26. cxd4 Nf4 27. Nf3 Nd3 28.
Qe2 Nxb2 29. Qxb2 Qf6 30. Rd1 Nb4 31. Ra7 Ke8 32. e5 Qxf5 33. exd6 Kd8 34. Qe2
Nc6 35. d5 Ne5 36. Re1 Rc2 37. Qe3 Nxf3+ 38. Bxf3 Bf6 39. Bg4 Qxd5 40. Rxd7+
Kc8 41. Rc7+ Kd8 42. Qe8# 1-0

[Event "V Open Natale Vomero"]
[Site "Napoli ITA"]
[Date "2009.11.19"]
[Round "3"]
[White "Donzella, Emanuele"]
[Black "Guardascione, Federico G."]
[Result "0-1"]
[WhiteElo "1688"]
[BlackElo "1470"]
[PlyCount "74"]
[EventDate "2009.11.05"]

1. e4 e5 2. d4 Nf6 3. dxe5 Nxe4 4. Nf3 d6 5. Bc4 Be7 6. Qd5 Be6 7. Qxb7 Bxc4 8.
Qxa8 d5 9. Qxa7 O-O 10. Qa5 Nc6 11. Qa4 Nb8 12. Be3 c6 13. c3 Qc8 14. Qd1 Bc5
15. Bd4 Qg4 16. Rg1 Be7 17. Nbd2 Bd3 18. Nxe4 Qxe4+ 19. Be3 h6 20. Qd2 c5 21.
a3 Nc6 22. Kd1 Na5 23. Ne1 Bc4 24. f3 Qxe5 25. Nd3 Qf6 26. Nc1 Bb3+ 27. Ke1 Re8
28. Kf2 Bd6 29. g3 Nc4 30. Qxd5 Rd8 31. Kg2 Nxe3+ 32. Kf2 Nxd5 33. Nxb3 c4 34.
Nd2 Bc5+ 35. Kg2 Bxg1 36. Rxg1 Qe5 37. Ne4 f5 0-1

[Event "V Open Natale Vomero"]
[Site "Napoli ITA"]
[Date "2009.11.19"]
[Round "3"]
[White "Esposito, Rosario"]
[Black "Vannini, Aldo"]
[Result "1/2-1/2"]
[WhiteElo "1858"]
[BlackElo "1828"]
[PlyCount "85"]
[EventDate "2009.11.05"]

1. d4 d5 2. c4 e6 3. Nc3 Nf6 4. Bg5 Be7 5. e3 Nbd7 6. Nf3 c6 7. Bd3 h6 8. Bh4
dxc4 9. Bxc4 Nd5 10. Bxe7 Qxe7 11. Nxd5 exd5 12. Bd3 Nf6 13. h3 O-O 14. O-O Be6
15. a3 a5 16. Qc2 Rfc8 17. Rfc1 Ne8 18. Ne5 Nd6 19. Qb1 Qf6 20. b4 Ne4 21. Bxe4
dxe4 22. bxa5 Rxa5 23. Qxb7 Rb5 24. Qa6 Rb2 25. Qf1 Qg5 26. Kh1 c5 27. Nc4 Bxc4
28. Rxc4 Qf5 29. Kg1 cxd4 30. Rxc8+ Qxc8 31. exd4 Rd2 32. Rd1 Ra2 33. Qe1 Qc2
34. Rc1 Qd3 35. Qc3 g6 36. Qxd3 exd3 37. d5 Rxa3 38. d6 d2 39. Rd1 Rd3 40. Kf1
Rxd6 41. Ke2 Kg7 42. Rxd2 Rxd2+ 43. Kxd2 1/2-1/2

[Event "V Open Natale Vomero"]
[Site "Napoli ITA"]
[Date "2009.11.19"]
[Round "3"]
[White "Khosravani, Afshin"]
[Black "Improta, Giovanni"]
[Result "0-1"]
[WhiteElo "1446"]
[BlackElo "1868"]
[PlyCount "96"]
[EventDate "2009.11.05"]

1. f4 d5 2. Nf3 Bf5 3. e3 e6 4. b3 Be7 5. Bb2 Nf6 6. Nc3 O-O 7. Be2 Nbd7 8. O-O
c6 9. Rc1 b5 10. Qe1 a5 11. Qg3 Nc5 12. Ne5 Qc7 13. Bf3 b4 14. Nd1 Nfe4 15.
Bxe4 Nxe4 16. Qe1 f6 17. d3 Nd6 18. Nf3 Qb6 19. Qg3 Bg6 20. Qg4 Bf7 21. Nh4 a4
22. Rf3 a3 23. Ba1 Nb5 24. Rg3 g5 25. fxg5 fxg5 26. Nf3 h5 27. Qh3 Nc3 28. Kf2
Kh7 29. Nxc3 bxc3 30. Bxc3 c5 31. Ke2 Rg8 32. Rf1 Raf8 33. Ne5 Bg6 34. Nd7 Qd6
35. Nxf8+ Bxf8 36. Rxg5 Bh6 37. Rxg6 Rxg6 38. Rf7+ Kg8 39. Rf3 d4 40. exd4 cxd4
41. Bd2 Qe5+ 42. Kd1 Bxd2 43. Kxd2 Qg5+ 44. Ke1 Qc1+ 45. Kf2 Qxc2+ 46. Kg1 Qb1+
47. Rf1 Qxa2 48. Qxh5 Qxg2# 0-1

[Event "V Open Natale Vomero"]
[Site "Napoli ITA"]
[Date "2009.11.19"]
[Round "3"]
[White "Lombardo, Claudio"]
[Black "Pinto, Gaetano"]
[Result "0-1"]
[WhiteElo "1712"]
[BlackElo "2049"]
[PlyCount "76"]
[EventDate "2009.11.05"]

1. d4 d6 2. c4 e5 3. dxe5 dxe5 4. Qxd8+ Kxd8 5. Nc3 Bd6 6. e3 Nd7 7. Nf3 f6 8.
Be2 a5 9. O-O c6 10. b3 Nc5 11. Bb2 Nh6 12. Nd2 Bf5 13. Rfd1 Kc7 14. e4 Be6 15.
Nf3 Be7 16. Rd2 Rhd8 17. Rad1 Rxd2 18. Rxd2 g5 19. h3 Nf7 20. Nh2 Nh8 21. Bg4
Ng6 22. Bxe6 Nxe6 23. Ne2 a4 24. Bc3 axb3 25. axb3 Nc5 26. Ng3 Nxb3 27. Rb2 Nc5
28. Bb4 Nd3 29. Bxe7 Nxb2 30. Bxf6 Nxc4 31. Bxg5 Ra1+ 32. Nhf1 Nf4 33. Kh2 b5
34. Ne3 Nxe3 35. fxe3 Nd3 36. Bf6 b4 37. Ne2 Ra2 38. Ng3 b3 0-1

[Event "V Open Natale Vomero"]
[Site "Napoli ITA"]
[Date "2009.11.19"]
[Round "3"]
[White "Longobardi, Giuseppe"]
[Black "Seletsky, Grigory"]
[Result "0-1"]
[WhiteElo "1985"]
[BlackElo "2345"]
[PlyCount "150"]
[EventDate "2009.11.05"]

1. d4 c5 2. d5 e5 3. c4 d6 4. Nc3 Be7 5. e4 Bg5 6. Nf3 Bxc1 7. Rxc1 Ne7 8. Be2
O-O 9. O-O Ng6 10. Nd2 Nf4 11. Bf3 g6 12. Ne2 Nxe2+ 13. Bxe2 f5 14. Rc3 f4 15.
Bg4 Nd7 16. Rh3 Nf6 17. Bxc8 Qxc8 18. Re1 g5 19. Rb3 g4 20. Nf1 Qd7 21. Rb5 a6
22. Rb6 Qc7 23. Rb3 Rf7 24. Qd2 h5 25. a4 b6 26. Qc2 Rb8 27. Nd2 Qd8 28. Qd3
Qe8 29. Ra3 Rg7 30. Nf1 Qg6 31. Rb3 Rgb7 32. g3 f3 33. h3 Kf7 34. h4 Qh7 35.
Kh1 Ke8 36. Kg1 Qd7 37. Ra3 b5 38. axb5 axb5 39. Ne3 b4 40. Ra6 Ra7 41. Rea1
Rba8 42. Rxa7 Rxa7 43. Qb1 b3 44. Nf5 Rxa1 45. Qxa1 Nxe4 46. Qa8+ Kf7 47. Ne3
Nf6 48. Qb8 Kg6 49. Qxb3 e4 50. Kh2 Qe7 51. Kg1 Qe5 52. Qb8 Qe7 53. Qc8 Qe5 54.
Qb8 Qd4 55. Qc8 Qe5 56. Qb8 Qe7 57. Qc8 Qd7 58. Qb8 Qa4 59. Kh2 Qa1 60. Qb3 Qe1
61. Qc2 Qe2 62. Kg1 Kf7 63. b3 Kg6 64. Qb1 Qd2 65. Qc2 Qe1+ 66. Kh2 Kf7 67. Qa2
Qe2 68. Qc2 Nd7 69. Kg1 Ne5 70. Qxe4 Qe1+ 71. Kh2 Qxf2+ 72. Kh1 Qe1+ 73. Kh2 f2
74. Qf5+ Ke8 75. Qe6+ Kd8 0-1

[Event "V Open Natale Vomero"]
[Site "Napoli ITA"]
[Date "2009.11.19"]
[Round "3"]
[White "Morace, Vitaliano"]
[Black "Capaldo, Salvatore"]
[Result "1-0"]
[WhiteElo "1592"]
[BlackElo "1696"]
[PlyCount "77"]
[EventDate "2009.11.05"]

1. e4 e5 2. Nf3 Nc6 3. Bb5 d6 4. O-O Nf6 5. Re1 Bg4 6. h3 Bh5 7. d3 Be7 8. Nbd2
O-O 9. Nf1 Nd4 10. c4 Nxf3+ 11. gxf3 c6 12. Ba4 Qd7 13. Kh2 h6 14. Ng3 Bg6 15.
f4 b5 16. Bb3 Ne8 17. f5 Bh7 18. Rg1 Kh8 19. Nh5 Bf6 20. Qg4 Rg8 21. Be3 bxc4
22. Bxc4 d5 23. Bb3 d4 24. Bd2 a5 25. Ba4 g5 26. Rac1 Ra6 27. Rc5 Qd6 28. Rgc1
Bd8 29. Rxc6 Rxc6 30. Rxc6 Qf8 31. Ra6 f6 32. Bxe8 Qxe8 33. Bxa5 Bxa5 34. Rxa5
Qc6 35. Qd1 Rc8 36. Qb3 Bg8 37. Qa3 Qc2 38. Kg3 Qd2 39. Qe7 1-0

[Event "V Open Natale Vomero"]
[Site "Napoli ITA"]
[Date "2009.11.19"]
[Round "3"]
[White "Rosato, Luciano"]
[Black "Franco, Vincenzo"]
[Result "1-0"]
[WhiteElo "2275"]
[BlackElo "1835"]
[PlyCount "79"]
[EventDate "2009.11.05"]

1. d4 Nf6 2. c4 c5 3. d5 b5 4. cxb5 a6 5. b6 e6 6. Nc3 Nxd5 7. Nxd5 exd5 8.
Qxd5 Nc6 9. e4 Be7 10. Nf3 Rb8 11. Bc4 O-O 12. O-O Rxb6 13. b3 Bb7 14. Qh5 Nb4
15. e5 Rg6 16. Bf4 Nc2 17. Rad1 Nd4 18. Ne1 Qa8 19. f3 Ne6 20. Bc1 Bg5 21. Bxe6
Bxc1 22. Bxf7+ Rxf7 23. Rxc1 Qf8 24. Qh3 Rf5 25. Rf2 Rh6 26. Qg4 Bd5 27. Rd1
Be6 28. Qe4 Rf4 29. Qe3 Qf5 30. g3 Rg6 31. Ng2 Rd4 32. Rxd4 cxd4 33. Qxd4 Qb1+
34. Rf1 Qxa2 35. Rc1 Qxb3 36. Rc8+ Kf7 37. Qf4+ Rf6 38. exf6 Qd1+ 39. Kf2 gxf6
40. Qb4 1-0

[Event "V Open Natale Vomero"]
[Site "Napoli ITA"]
[Date "2009.11.19"]
[Round "3"]
[White "Schiappoli, Dario"]
[Black "Esposito, Pino"]
[Result "0-1"]
[WhiteElo "1980"]
[BlackElo "1815"]
[PlyCount "62"]
[EventDate "2009.11.05"]

1. e4 g6 2. d4 Bg7 3. Bc4 c6 4. Nc3 d6 5. Qf3 e6 6. Be3 Ne7 7. O-O-O b5 8. Bd3
Qa5 9. Kb1 Bb7 10. Nh3 h6 11. Qg3 e5 12. dxe5 dxe5 13. f4 Nd7 14. Rhf1 O-O-O
15. fxe5 Bxe5 16. Qg4 f6 17. Nf4 h5 18. Qh3 b4 19. Nce2 Kb8 20. Ne6 Rc8 21. Bc4
Nb6 22. Bb3 c5 23. N2f4 c4 24. Bxb6 axb6 25. Rd7 cxb3 26. Qxb3 Bxe4 27. Rf2 Nc6
28. Rfd2 Bf5 29. R7d5 Qa6 30. a4 Bxf4 31. Nxf4 Qf1+ 0-1

[Event "V Open Natale Vomero"]
[Site "Napoli ITA"]
[Date "2009.11.19"]
[Round "3"]
[White "Tomarchio, Lucio"]
[Black "Angelotti, Mario"]
[Result "0-1"]
[WhiteElo "1428"]
[BlackElo "1428"]
[PlyCount "74"]
[EventDate "2009.11.05"]

1. c4 c5 2. g3 g6 3. Nf3 Bg7 4. Bg2 Nf6 5. Nc3 Nc6 6. O-O O-O 7. e3 d5 8. cxd5
Nxd5 9. a3 Nf6 10. d3 Be6 11. Qc2 Qd7 12. Ng5 Rad8 13. Nxe6 Qxe6 14. b3 b6 15.
Bb2 a6 16. Ne2 Rd6 17. Rab1 Rfd8 18. Rfd1 Qf5 19. Nf4 e5 20. Bh3 Qg5 21. Ne2
Qh5 22. Bg2 Qf5 23. e4 Qh5 24. f3 g5 25. Qc4 g4 26. f4 Nd7 27. Qxa6 Rh6 28. Kf2
Qxh2 29. Rh1 Ndb8 30. Qb7 Rxd3 31. Rxh2 Rxh2 32. Qc8+ Rd8 33. Qxg4 Nd4 34. Nxd4
cxd4 35. fxe5 Nc6 36. Bc1 Nxe5 37. Bg5 Nxg4+ 0-1

[Event "V Open Natale Vomero"]
[Site "Napoli ITA"]
[Date "2009.11.26"]
[Round "4"]
[White "Angelotti, Mario"]
[Black "Di Meo, Antonio"]
[Result "0-1"]
[WhiteElo "1428"]
[BlackElo "1700"]
[PlyCount "92"]
[EventDate "2009.11.05"]

1. e4 c6 2. d4 d5 3. e5 Bf5 4. Bd3 Bxd3 5. Qxd3 e6 6. Nf3 Ne7 7. Bf4 Nf5 8. a3
c5 9. Nc3 Nc6 10. Ne2 Qb6 11. O-O Nfxd4 12. Nfxd4 cxd4 13. b4 Be7 14. Rfd1 Rc8
15. Qg3 Bf8 16. Bc1 Qc7 17. f4 Qb6 18. Qd3 Be7 19. Bb2 O-O 20. Rf1 a6 21. Kh1
Qc7 22. Nxd4 Nxd4 23. Bxd4 Qxc2 24. Qe3 Qe4 25. Rae1 Qxe3 26. Rxe3 Rc4 27. Rd1
Rfc8 28. h3 Rc2 29. Red3 Ra2 30. g4 h6 31. R1d2 Rxd2 32. Rxd2 Kf8 33. Kg2 Ke8
34. Kf3 Kd7 35. f5 Bg5 36. Rd3 Rc1 37. Bc5 Rh1 38. Kg2 Re1 39. Bd4 Re4 40. f6
g6 41. Kf3 Bf4 42. Be3 Bxe5 43. g5 h5 44. Rb3 Rc4 45. a4 Rc3 46. Rb1 d4 0-1

[Event "V Open Natale Vomero"]
[Site "Napoli ITA"]
[Date "2009.11.26"]
[Round "4"]
[White "Esposito, Pino"]
[Black "Borrelli, Salvatore"]
[Result "0-1"]
[WhiteElo "1815"]
[BlackElo "1945"]
[PlyCount "126"]
[EventDate "2009.11.05"]

1. Nf3 d5 2. d4 Nf6 3. c4 c6 4. Nc3 dxc4 5. a4 Bf5 6. Ne5 Nbd7 7. Nxc4 Nb6 8.
e3 e6 9. Be2 Nxc4 10. Bxc4 Bb4 11. O-O O-O 12. f3 c5 13. Na2 Qb6 14. Nxb4 Qxb4
15. Qe2 cxd4 16. exd4 Rac8 17. b3 Qc3 18. Bb2 Qc2 19. Qxc2 Bxc2 20. Rac1 Bg6
21. Rfd1 Rfd8 22. Kf2 Nd5 23. Bxd5 exd5 24. Rxc8 Rxc8 25. Rc1 Rxc1 26. Bxc1 Bc2
27. b4 Bxa4 28. Ke3 f6 29. Kf4 Bd7 30. h4 Kf7 31. g4 g6 32. g5 Bb5 33. Kg4 Be2
34. Kg3 Ke6 35. Bf4 fxg5 36. Bxg5 Kf5 37. Bd2 Ke6 38. Kf2 Bd1 39. Bf4 Kd7 40.
Bd2 Kc6 41. Ke3 Kb5 42. f4 Bc2 43. Be1 Kc4 44. Bd2 Kb5 45. Be1 b6 46. Kd2 Be4
47. Kc3 a5 48. bxa5 Kxa5 49. Kb3+ Kb5 50. Bd2 Bd3 51. Bc3 Bc4+ 52. Ka3 Kc6 53.
Kb2 Kd6 54. Kc2 Ke6 55. Kd2 Kf5 56. Ke3 Kg4 57. Be1 b5 58. Bb4 Kxh4 59. Kf3 Kh3
60. Be7 Bd3 61. Bd6 Be4+ 62. Kf2 Kg4 63. Kg1 Kf3 0-1

[Event "V Open Natale Vomero"]
[Site "Napoli ITA"]
[Date "2009.11.26"]
[Round "4"]
[White "Guardascione, Federico G."]
[Black "Esposito, Rosario"]
[Result "0-1"]
[WhiteElo "1470"]
[BlackElo "1858"]
[PlyCount "106"]
[EventDate "2009.11.05"]

1. e4 c5 2. Nf3 e6 3. d3 Nc6 4. Nbd2 g6 5. Be2 Bg7 6. c3 Nge7 7. Qc2 d6 8. O-O
O-O 9. b3 Bd7 10. Bb2 b5 11. Rad1 e5 12. d4 cxd4 13. Bxb5 Nb4 14. cxb4 Bxb5 15.
Rfe1 Rc8 16. Qb1 a5 17. a4 Ba6 18. b5 Bb7 19. Nc4 f6 20. Ba3 d5 21. Nd6 Rc7 22.
Nxb7 Rxb7 23. Bxe7 Qxe7 24. exd5 Qd6 25. Nd2 Qxd5 26. b4 axb4 27. Qxb4 Rc8 28.
Rc1 Rbc7 29. Rxc7 Rxc7 30. a5 Bf8 31. Qa4 Rc3 32. Ne4 Qxe4 33. Qa2+ Kg7 34. Qd2
Qd5 35. Rb1 Rb3 36. Qc2 Rxb1+ 37. Qxb1 Bd6 38. a6 d3 39. Kf1 d2 40. Ke2 d1=Q+
41. Qxd1 Qxb5+ 42. Qd3 Qxd3+ 43. Kxd3 Bc5 44. Kc3 Kf7 45. Kc4 Bd4 46. Kd5 Ke7
47. f4 Kd7 48. g4 Kc7 49. g5 exf4 50. Kxd4 fxg5 51. Ke4 Kb6 52. Kf3 Kxa6 53. h4
h6 0-1

[Event "V Open Natale Vomero"]
[Site "Napoli ITA"]
[Date "2009.11.26"]
[Round "4"]
[White "Improta, Giovanni"]
[Black "De Rosa, Mariagrazia"]
[Result "0-1"]
[WhiteElo "1868"]
[BlackElo "2082"]
[PlyCount "92"]
[EventDate "2009.11.05"]

1. Nf3 Nf6 2. d4 b6 3. g3 Bb7 4. Bg2 e6 5. O-O Be7 6. c4 O-O 7. Nc3 Ne4 8. Nxe4
Bxe4 9. Nd2 Bxg2 10. Kxg2 d5 11. f3 Bg5 12. f4 Bf6 13. e3 Nd7 14. cxd5 exd5 15.
Nf3 Be7 16. Ne5 Nf6 17. g4 Bd6 18. g5 Ne4 19. Qg4 Bxe5 20. dxe5 Qe8 21. b3 Qc6
22. Ba3 Qc2+ 23. Kg1 Rfe8 24. Qd1 Qc3 25. Re1 Rad8 26. Rc1 Qa5 27. Bb2 c5 28.
a3 Qb5 29. Qc2 Qd7 30. Qg2 Qf5 31. Rcd1 Re6 32. h4 h6 33. Rf1 Rc6 34. Kh2 b5
35. Rg1 h5 36. Qf3 g6 37. Qe2 c4 38. bxc4 bxc4 39. Bd4 a6 40. Rc1 c3 41. Rg2
Rc4 42. Qa2 Rxd4 43. exd4 Qxf4+ 44. Kh3 Qf3+ 45. Kh2 Qf4+ 46. Kh3 Qxc1 0-1

[Event "V Open Natale Vomero"]
[Site "Napoli ITA"]
[Date "2009.11.26"]
[Round "4"]
[White "Messina, Enrico"]
[Black "Caiazzo, Diego"]
[Result "1-0"]
[WhiteElo "2119"]
[BlackElo "1874"]
[PlyCount "47"]
[EventDate "2009.11.05"]

1. e4 e6 2. d4 d5 3. Nd2 dxe4 4. Nxe4 Nd7 5. Nf3 Ngf6 6. Nxf6+ Nxf6 7. Bd3 c5
8. O-O Be7 9. dxc5 Bxc5 10. b3 O-O 11. Bb2 h6 12. Qe2 Qe7 13. Rad1 Rd8 14. Ne5
Qc7 15. Qd2 Be7 16. Rfe1 b6 17. Re3 Bb7 18. Rg3 Ne4 19. Qxh6 Bg5 20. Rxg5 Nxg5
21. Qxg5 f6 22. Qh5 fxe5 23. Bh7+ Kf8 24. Ba3+ 1-0